[Event "Nordic Chess-ch 2019"]
[Site "Sarpsborg"]
[Date "2019.06.24"]
[Round "5.1"]
[White "Hammer, Jon Ludvig"]
[Black "Urkedal, Frode Olav Olsen"]
[Result "1/2-1/2"]
[WhiteElo "2645"]
[BlackElo "2525"]
[Annotator "TA"]
[PlyCount "80"]
[EventDate "2019.06.21"]
[EventType "swiss"]
[EventCountry "NOR"]
[SourceTitle "playchess.com"]
[Source "ChessBase"]
[SourceQuality "1"]

{[%evp 16,80,4,0,12,6,27,0,11,0,6,0,0,0,0,0,19,20,25,0,44,39,37,0,0,0,0,0,0,0,5,10,4,6,0,0,0,0,0,0,5,7,7,8,8,8,6,27,33,0,0,0,0,0,0,0,0,0,0,0,0,0,0,0,0,0,0]} 1. d4 Nf6 2. Nf3 e6 3. Bf4 b6 4. e3 Bb7 5. Bd3 Be7 6. h3 O-O 7. Nbd2 d5 8. O-O c5 9. c3 Bd6 {D02: 1 d4 d5 2 Nf3 sidelines, including 2...Nf6 3 g3 and 2...Nf6 3 Bf4} 10. Qe2 Nc6 11. a3 $146 ({Predecessor:} 11. Rfe1 Ne7 12. Rad1 Ng6 13. Bxg6 hxg6 14. Bxd6 Qxd6 15. Ne5 g5 16. f4 gxf4 17. Rf1 Nd7 {1-0 (30) Carlsen,M (2844)-Tomashevsky,E (2728) Wijk aan Zee 2016}) 11... Re8 12. Ne5 Qc7 {[%cal Rc6e5]} 13. Nxc6 Bxc6 14. Bxd6 Qxd6 15. f4 Ne4 16. Nxe4 dxe4 17. Ba6 cxd4 18. cxd4 Rab8 19. Bb5 Rec8 20. Rac1 g6 21. Bxc6 Rxc6 22. Qa6 Qc7 23. Rxc6 Qxc6 24. Qxa7 $11 {[%mdl 4096] Endgame KQR-KQR} Rc8 25. Qa6 b5 26. Qxc6 Rxc6 {KR-KR} 27. Ra1 Rc2 28. b3 Rc3 29. a4 {Threatening a5.} Rxb3 30. a5 Rc3 $1 31. a6 Rc8 32. Rb1 Ra8 {The position is equal.} 33. Rxb5 {Rb6 is the strong threat.} Rxa6 34. d5 exd5 35. Rxd5 Ra3 36. Kf2 Ra2+ 37. Kf1 Kg7 38. Rd4 f5 39. Rd7+ Kf6 40. Rxh7 Ra1+ {Accuracy: White = 52%, Black = 70%.} 1/2-1/2

[Event "Nordic Chess-ch 2019"]
[Site "Sarpsborg"]
[Date "2019.06.24"]
[Round "5.2"]
[White "Gretarsson, Helgi Ass"]
[Black "Westerberg, Jonathan"]
[Result "1/2-1/2"]
[WhiteElo "2433"]
[BlackElo "2545"]
[Annotator "TA"]
[PlyCount "99"]
[EventDate "2019.06.21"]
[EventType "swiss"]
[EventCountry "NOR"]
[SourceTitle "playchess.com"]
[Source "ChessBase"]
[SourceQuality "1"]

{[%evp 15,99,7,35,38,41,39,47,47,47,34,32,36,62,19,16,16,23,8,7,9,27,0,16,9,18,11,25,25,19,7,14,0,14,0,0,0,-6,-37,-20,-64,-4,-25,-14,-10,-16,-123,-111,-346,-114,-101,0,0,0,0,0,0,0,0,0,0,0,0,0,0,0,0,0,0,0,0,0,0,0,0,0,0,0,-10,-10,-10,-10,-10,-10,-11,-10,-10]} 1. Nf3 Nf6 2. g3 d5 3. Bg2 e6 4. O-O Be7 5. d4 O-O 6. c4 dxc4 7. Qc2 a6 8. a4 b6 9. Ne5 $1 {E05: Open Catalan: 5 Nf3 Be7} Ra7 10. Rd1 (10. Qxc4 Bb7 11. Bxb7 Rxb7 12. Nc3 c5 13. Rd1 cxd4 14. Be3 b5 15. axb5 axb5 16. Qxd4 Qxd4 17. Bxd4 {1-0 (44) Ponomariov,R (2729)-Short,N (2698) Poikovsky 2012}) 10... Bb7 11. e4 {White is slightly better.} Nc6 12. Nxc6 Bxc6 13. Nc3 Bb7 14. d5 $146 ({Predecessor:} 14. Be3 Ra8 15. Qe2 b5 16. d5 Qb8 17. dxe6 fxe6 {1-0 (24) Gruenberg,H (2385)-Luczak,A (2430) Leipzig 1980}) 14... e5 15. Qe2 Bc5 16. Qxc4 a5 17. Qe2 Ba6 18. Qc2 Ne8 19. b3 Nd6 20. Ba3 Bxa3 21. Rxa3 Ra8 22. Ra2 Qe7 23. Qc1 Rad8 24. Rc2 Nb7 25. Bf1 Bxf1 26. Kxf1 Nc5 27. Qa3 Qd7 (27... f5 $15 28. Kg1 Qf7 29. exf5 Qxf5) 28. b4 $11 axb4 29. Qxb4 f5 30. exf5 (30. Qc4 $11 {remains equal.}) 30... Qxf5 $17 31. Re2 $2 (31. Qb1 $17 {might work better.}) 31... Qf3 $2 (31... Nd3 $19 32. Rxd3 Qxd3) 32. Kg1 {[#]} Nxa4 (32... Ne6 $1 $17 {[%mdl 512]} 33. Rdd2 (33. dxe6 Rxd1+) 33... Nd4) 33. Qxa4 $11 {Hoping for Rc1.The position is equal.} Qxc3 34. Qe4 Qb3 35. Red2 Rde8 36. Rc1 Re7 37. Rdc2 Rd8 38. Rxc7 Rxc7 39. Rxc7 {[%mdl 4096] Endgame KQR-KQR} Qd1+ 40. Kg2 Qxd5 41. Qxd5+ Rxd5 {KR-KR} 42. Rb7 Rb5 43. Kf3 Kf8 44. Ke4 Rb2 45. Kxe5 Rxf2 46. Rxb6 Rxh2 47. g4 Rf2 48. g5 Kf7 49. Ra6 Rf1 50. Ke4 {Accuracy: White = 67%, Black = 58%.} 1/2-1/2

[Event "Nordic Chess-ch 2019"]
[Site "Sarpsborg"]
[Date "2019.06.24"]
[Round "5.3"]
[White "Chatalbashev, Boris"]
[Black "Dragicevic, Drazen"]
[Result "1/2-1/2"]
[WhiteElo "2527"]
[BlackElo "2359"]
[Annotator "TA"]
[PlyCount "78"]
[EventDate "2019.06.21"]
[EventType "swiss"]
[EventCountry "NOR"]
[SourceTitle "playchess.com"]
[Source "ChessBase"]
[SourceQuality "1"]

{[%evp 9,78,23,17,24,37,27,28,27,39,14,16,11,115,106,101,110,97,83,98,82,107,116,152,40,38,-6,0,0,0,-106,-114,-114,-115,-120,-118,-136,-97,-133,-75,-108,-35,-59,-57,-47,-47,-42,-48,-40,13,38,43,36,25,0,0,0,0,-11,-12,-38,-34,-65,0,0,0,-8,-8,-8,-8,-8,0]} 1. d4 d5 2. c4 c6 3. Nf3 Nf6 4. g3 Bf5 5. Nc3 e6 6. Nh4 {D11: Slav Defence: 3 Nf3 sidelines and 3...Nf6 4 e3 Bg4} Bg4 (6... Be4 7. f3 Bg6 8. Qb3 Qb6 9. Nxg6 hxg6 10. c5 Qc7 11. e4 dxe4 12. Bf4 Qc8 13. fxe4 {1-0 (54) Inarkiev,E (2693)-Hovhannisyan,R (2637) St Petersburg 2018}) 7. h3 Bh5 8. Qb3 {White has an edge.} Qb6 9. c5 Qxb3 10. axb3 {[%cal Ba2b3,Bb3b4][%mdl 32]} e5 $146 (10... Be7 $11) ({Predecessor:} 10... Nfd7 11. g4 Be7 12. Nf5 exf5 13. gxh5 {1-0 (47) Chatalbashev,B (2551)-Ioannidis,E (2388) Albena 2017}) 11. dxe5 $16 Nfd7 12. b4 $1 Nxe5 13. f4 g5 14. fxg5 ({But not} 14. fxe5 gxh4 15. e4 d4 $11) 14... Na6 15. Ra4 O-O-O 16. Nf5 (16. Bf4 $16 Nc4 17. e4) 16... Bg6 $14 17. g4 h5 18. Bf4 Re8 $36 {[%mdl 2048] ...Nd3+ is the strong threat. Black has some pressure.} 19. Kf2 (19. e3 $1 $11 {keeps the balance.}) 19... hxg4 $17 20. Nd6+ Bxd6 $1 21. cxd6 d4 22. Nd1 Bc2 23. Ra1 Nxb4 ({Black should try} 23... Kd7 24. Bg2 gxh3 25. Bxh3+ Kxd6) 24. Rxa7 {[#]} Ng6 (24... Bxd1 25. Bxe5 Rxe5 26. Ra8+ Kd7 27. Rxh8 $16) (24... Kb8 $1 $17 {[%cal Rb8a7]} 25. Ra1 Nd7) 25. Bg3 Nd5 ({Stronger than} 25... Bxd1 {[#]} 26. d7+ $1 {[%mdl 512]} Kxd7 27. Rxb7+ Ke6 28. Rxb4 $16) 26. Bg2 $1 Ndf4 27. Bxf4 $1 Nxf4 {[#]} 28. Bxc6 $1 {[%mdl 512]} bxc6 (28... Rxe2+ $15 29. Kg3 {[%mdl 64] Double Attack} bxc6 30. Ra8+ Kd7 31. Rxh8 Ng6) 29. d7+ $11 {[%mdl 64] Double Attack} Kb8 30. dxe8=Q+ Rxe8 31. Rxf7 Nxh3+ 32. Kg3 Nxg5 33. Rg7 Ne4+ 34. Kf4 g3 35. b4 Rf8+ (35... Nf6 $1 $15 36. Rh6 Nd5+ {[%mdl 64] Double Attack} 37. Kxg3 Bxd1 38. Rxc6 Re3+ 39. Kh4 Ne7) 36. Ke5 {The position is equal.} Nf2 37. Rg1 {Black must now prevent Nb2.} Bxd1 38. R1xg3 Bxe2 {And now ...d3 would win.} 39. Kxd4 Bb5 {Accuracy: White = 56%, Black = 49%.} 1/2-1/2

[Event "Nordic Chess-ch 2019"]
[Site "Sarpsborg"]
[Date "2019.06.24"]
[Round "5.4"]
[White "Notkevich, Benjamin Arvola"]
[Black "Ernst, Thomas"]
[Result "1-0"]
[WhiteElo "2485"]
[BlackElo "2342"]
[Annotator "TA"]
[PlyCount "69"]
[EventDate "2019.06.21"]
[EventType "swiss"]
[EventCountry "NOR"]
[SourceTitle "playchess.com"]
[Source "ChessBase"]
[SourceQuality "1"]

{[%evp 17,69,-5,0,0,0,13,16,0,14,9,39,36,77,88,88,79,93,84,68,76,77,60,377,397,389,387,383,384,395,374,368,387,376,392,383,359,984,955,968,808,837,360,356,0,836,820,29993,29994,29995,29996,29996,29997,29997,356]} 1. e4 e5 2. Nf3 Nc6 3. Nc3 Nf6 4. d4 exd4 5. Nxd4 Bb4 6. Nxc6 bxc6 7. Bd3 d5 8. exd5 cxd5 9. O-O O-O 10. h3 {C47: Scotch Four Knights and Four Knights with 4 g3} (10. Bg5 c6 11. Qf3 h6 12. Bf4 g5 13. Be5 Ng4 14. Bd4 Qd6 15. Qg3 Qxg3 16. hxg3 f6 17. Na4 Re8 18. f4 Kf7 19. Nc5 a5 {½-½ (41) Carlsen,M (2861)-Topalov,V (2740) Abidjan 2019}) 10... Rb8 11. Qf3 Re8 12. Bf4 {The position is equal.} Ba5 13. Rad1 Rxb2 $146 {[#]} ({Predecessor:} 13... d4 14. Bg5 h6 15. Bxf6 Qxf6 16. Qxf6 gxf6 17. Ne4 Kg7 {½-½ (25) Visconti,M (2044)-Venturelli,F (2144) ICCF email 2013}) 14. Nxd5 $1 {[%mdl 512] Hoping for Bg5.} Nxd5 {[#]} (14... Qxd5 15. Bxh7+) 15. Bxh7+ $1 {[%mdl 512]} Kxh7 16. Rxd5 {Threatens to win with Qd3+.} Qf6 17. Qh5+ {[%mdl 1024] White has strong compensation.} Kg8 18. Be5 {[%mdl 64] Double Attack} Qa6 19. Rfd1 $40 {[%mdl 128] White mounts an attack.} (19. Bxb2 $2 Qxf1+ 20. Kh2 Qxf2 $19) 19... Rb6 $2 {[%mdl 8192]} ({Not} 19... Rxc2 $2 20. Rd8 $18) ({Black should play} 19... Rb8 $14) 20. Rd8 $1 $18 {[%cal Rd8e8]} Qb5 21. R1d5 $1 {[%cal Rd5b5]} c5 {[#] White must now prevent ...Rh6.} 22. Rxc8 $1 {[%mdl 576] Remove Defender} Rxc8 {[#]} 23. Qg4 $1 {[%csl Ge5,LRc8,LRg7][%cal Rg4g7][%mdl 576] Double Attack} Rg6 ({Reject} 23... Qb1+ {[#]} 24. Kh2 $1 $18 {[%mdl 512]}) 24. Qxc8+ {[%mdl 64] Double Attack} Kh7 25. Bf4 {aiming for Rh5+.} Qe2 {...Qf3! is the strong threat.} 26. Qxc5 {[%mdl 64] And now Rh5+ would win. Double Attack} Bb6 $2 (26... Qe1+ 27. Kh2 Bb4 28. Rh5+ (28. Qxa7 Rxg2+ {[%mdl 64] Decoy} 29. Kxg2 Qe4+ 30. f3 Qxd5 $18) 28... Kg8 29. Qxa7 Qe4) 27. Rh5+ Rh6 28. Qf5+ {[%mdl 64] Double Attack} Kg8 29. Qc8+ (29. Bxh6 $142 Bxf2+ 30. Qxf2 Qxh5 31. Bf4) 29... Kh7 30. Qf5+ $2 (30. Rxh6+ gxh6 31. Qf5+ {[%mdl 64] Double Attack} Kg7 32. Be5+ Kf8 33. Qc8+ Ke7 34. Qb7+ Kf8 35. Qb8+ Ke7 36. Qd6+ Ke8 37. Qc6+ Kf8 38. Qd6+ Ke8 39. Qc6+ Kf8 40. Qd6+ Ke8) 30... Kg8 31. Bxh6 g6 32. Qc8+ {White mates.} Kh7 {[#]} 33. Bg7+ $1 gxh5 (33... Kxg7 34. Qh8#) 34. Qh8+ Kg6 35. Qh6+ {Accuracy: White = 85%, Black = 43%.} 1-0

[Event "Nordic Chess-ch 2019"]
[Site "Sarpsborg"]
[Date "2019.06.24"]
[Round "5.5"]
[White "Hobber, Anders"]
[Black "Holm, Kristian Stuvik"]
[Result "1/2-1/2"]
[WhiteElo "2282"]
[BlackElo "2474"]
[Annotator "RC"]
[PlyCount "62"]
[EventDate "2019.06.21"]
[EventType "swiss"]
[EventCountry "NOR"]
[SourceTitle "playchess.com"]
[Source "ChessBase"]
[SourceQuality "1"]
[TimeControl "40/5400+30:1800+30"]

1. d4 {[%emt 0:00:00]} g6 {[%emt 0:01:06]} 2. e4 {[%emt 0:01:17]} Bg7 {[%emt 0:01:28]} 3. Nc3 {[%emt 0:01:03]} c6 {[%emt 0:03:39]} 4. Nf3 {[%emt 0:01:32]} d5 {[%emt 0:02:15]} 5. h3 {[%emt 0:03:39]} Nh6 {[%emt 0:08:33]} 6. Bd3 {[%emt 0:06:43]} O-O {[%emt 0:00:40]} 7. O-O {[%emt 0:00:37]} f6 {[%emt 0:00:19]} 8. Re1 {[%emt 0:06:19]} Nf7 {[%emt 0:00:47]} 9. e5 {[%emt 0:11:42]} fxe5 {[%emt 0:02:20]} 10. dxe5 {[%emt 0:01:02]} e6 {[%emt 0:01:08]} 11. Bf4 {[%emt 0:05:40]} c5 {[%emt 0:05:00]} 12. Qd2 {[%emt 0:05:32]} Nc6 {[%emt 0:03:11]} 13. h4 {[%emt 0:11:21]} a6 {[%emt 0:19:19]} 14. h5 {[%emt 0:09:15]} gxh5 {[%emt 0:00:40]} 15. Rad1 {[%emt 0:10:13]} c4 {[%emt 0:08:56]} 16. Bf1 {[%emt 0:00:36]} Nh8 {[%emt 0:00:21]} 17. Bh6 {[%emt 0:04:12]} Ng6 {[%emt 0:02:14]} 18. Bxg7 {[%emt 0:01:19]} Kxg7 {[%emt 0:00:05]} 19. Qe3 {[%emt 0:02:56]} Qe7 {[%emt 0:01:25]} 20. Ne2 {[%emt 0:02:26]} h4 {[%emt 0:03:31]} 21. Ned4 {[%emt 0:00:28]} Nd8 {[%emt 0:04:58]} 22. b3 {[%emt 0:02:36]} b5 {[%emt 0:02:02]} 23. g3 {[%emt 0:02:50]} hxg3 {[%emt 0:03:36]} 24. fxg3 {[%emt 0:00:03]} Bd7 {[%emt 0:00:59]} 25. Rd2 {[%emt 0:00:32]} Nf7 {[%emt 0:03:47]} 26. Rh2 {[%emt 0:00:35]} Rh8 {[%emt 0:00:24]} 27. Ne2 {[%emt 0:02:26]} Rag8 {[%emt 0:05:57]} 28. Nf4 {[%emt 0:00:33]} Nxf4 {[%emt 0:01:13]} 29. gxf4 {[%emt 0:00:27]} Kf8+ {[%emt 0:01:18]} 30. Kh1 {[%emt 0:02:14]} Rg6 {[%emt 0:01:47]} 31. Nd4 {[%emt 0:01:24]} Bc8 {[%emt 0:02:26]} 1/2-1/2

[Event "Nordic Chess-ch 2019"]
[Site "Sarpsborg"]
[Date "2019.06.24"]
[Round "5.6"]
[White "Vitenberg, Noam Aviv"]
[Black "Getz, Nicolai"]
[Result "1-0"]
[WhiteElo "2256"]
[BlackElo "2380"]
[Annotator "TA"]
[PlyCount "113"]
[EventDate "2019.06.21"]
[EventType "swiss"]
[EventCountry "NOR"]
[SourceTitle "playchess.com"]
[Source "ChessBase"]
[SourceQuality "1"]

{[%evp 14,113,33,30,54,18,22,13,17,13,13,0,0,-29,8,-59,-50,-57,-53,-60,-62,-54,-49,-113,-104,-128,-114,-134,-118,-108,-107,-108,-88,-139,-137,-147,-133,-139,-146,-156,-132,-130,-47,-45,-38,-55,-3,-5,0,0,0,0,0,0,0,0,0,0,0,0,156,156,156,156,156,156,191,191,191,187,1511,1501,1652,1339,1618,1584,1610,1497,1588,1529,1233,1047,29973,29974,29974,29975,29976,29976,29976,29977,29977,29977,29978,29979,29980,29981,29981,29982,29982,29983,29983,29979]} 1. d4 d6 2. Nf3 f5 3. g3 Nf6 4. Bg2 g6 5. O-O Bg7 6. b3 O-O 7. Bb2 Ne4 8. Nbd2 c5 {A81: Dutch Defence: 2 g3} (8... Nc6 9. e3 Nxd2 10. Qxd2 e5 11. dxe5 dxe5 12. Rfd1 Qxd2 13. Nxd2 e4 14. Bxg7 Kxg7 15. f3 exf3 16. Nxf3 Rd8 17. Ng5 {1-0 (40) Ju,W (2575)-Muzychuk,A (2569) St Petersburg 2018}) 9. c3 Nc6 $146 ({Predecessor:} 9... cxd4 10. Nxe4 fxe4 11. Nxd4 d5 12. c4 e6 13. Qc1 Nc6 14. Nxc6 bxc6 15. Bxg7 Kxg7 16. cxd5 cxd5 {0-1 (60) Bollmann,H (2153)-Euler,G (2331) Germany 2011}) 10. Qc2 Nxd2 {The position is equal.} 11. Qxd2 e5 12. dxe5 dxe5 {next ...e4 is good for Black.} 13. Rfd1 Qe7 14. Qd6 (14. Qd5+ $11 Be6 15. Qd6) 14... e4 $15 {Strongly threatening ...Qxd6.} 15. Qxe7 Nxe7 16. Ng5 h6 17. Nh3 g5 18. Kh1 ({White should play} 18. f3 $15) 18... Be6 $17 19. Rd6 Kf7 20. Rad1 Be5 21. R6d2 c4 22. bxc4 Rac8 23. f4 {[#]} (23. e3 $142) 23... Bf6 $1 24. fxg5 hxg5 25. e3 Rxc4 ({Resist} 25... Bxc4 26. g4 $15) 26. Bf1 Rc6 27. c4 Rfc8 (27... Ng6 $17 28. c5 g4) 28. g4 $15 fxg4 29. Nf2 Bxb2 (29... Nf5 $15 30. Bxf6 Kxf6 31. Nxe4+ Kg7 32. Nxg5 Bxc4) 30. Rxb2 $11 Bxc4 31. Bxc4+ Rxc4 32. Rxb7 Rc1 33. Rxc1 Rxc1+ {[%mdl 4096] Endgame KRN-KRN} 34. Kg2 Rc2 35. Rxa7 Ke6 36. Ra6+ Kf5 $2 (36... Ke5 $11) 37. Kg3 $16 Rc1 {[%cal Rc1g1]} 38. Nxg4 {[%csl Gg4][%cal Ra6f6]} Rg1+ 39. Kh3 {[%csl Gg4][%cal Ra6f6]} Ng8 40. a4 {[%cal Ba2a4,Ba4a5,Ba5a6][%mdl 32]} Ra1 41. a5 Rg1 $2 (41... Ra3 42. Ra7 Ke6) 42. Rb6 $18 Rf1 43. a6 Ra1 44. Kg3 Rg1+ {[#]} 45. Kf2 $1 {[%cal Rf2g1]} Ra1 46. h3 Ra2+ 47. Ke1 Ra3 48. Kd2 {White mates.} Rd3+ 49. Kc2 Ra3 50. Kb2 Ra4 51. Kb3 Ra1 52. Rc6 Rb1+ 53. Kc4 Rb2 54. Kc5 Ra2 55. Kb6 Rb2+ 56. Kc7 Ra2 57. Kb7 {Accuracy: White = 73%, Black = 49%.} 1-0

[Event "Nordic Chess-ch 2019"]
[Site "Sarpsborg"]
[Date "2019.06.24"]
[Round "5.7"]
[White "Rydstrom, Tom"]
[Black "Ingebretsen, Jens E"]
[Result "0-1"]
[WhiteElo "2370"]
[BlackElo "2263"]
[Annotator "TA"]
[PlyCount "88"]
[EventDate "2019.06.21"]
[EventType "swiss"]
[EventCountry "NOR"]
[SourceTitle "playchess.com"]
[Source "ChessBase"]
[SourceQuality "1"]

{[%evp 17,88,7,0,0,0,5,0,0,0,-4,2,0,0,0,0,0,0,-30,-28,-43,-26,-77,0,-72,-75,-129,-122,-148,-108,-190,-108,-210,-56,-60,-18,-466,-471,-573,-554,-556,-557,-529,-184,-446,-438,-652,-623,-812,-822,-805,-805,-859,-839,-858,-847,-1470,-993,-1236,-1223,-1247,-1001,-1327,-1283,-1695,-1336,-2235,-1791,-3729,-2567,-29984,-29985,-29991,-29992]} 1. e4 e6 2. d4 d5 3. Nc3 Bb4 4. e5 c5 5. a3 Bxc3+ 6. bxc3 Ne7 7. Qg4 Kf8 8. Nf3 Qa5 9. Bd2 Qa4 10. Bd3 {C18: French: 3 Nc3 Bb4: Main line: 7 h4 and 7 Qg4} c4 (10... h6 11. O-O b6 12. h3 Nd7 13. Be3 c4 14. Be2 Qxc2 15. Rfc1 Qxe2 {0-1 (15) Wei,Y (2739)-Ivanchuk,V (2729) Medias 2017}) 11. Be2 Qxc2 12. O-O {The position is equal.} Nbc6 {[%cal Bb8c6,Bc6a5,Ba5b3][%mdl 32]} 13. Rac1 Qf5 $146 ({Predecessor:} 13... Qa4 14. Qh5 h6 15. Bd1 Qxa3 16. Bc2 Qa5 17. Ng5 g6 {0-1 (69) Hacker,J (2369)-Goh,W (2477) Lienz 2019}) 14. Qh4 Ng6 15. Qg3 $1 Na5 16. Bd1 Nb3 17. Rc2 Qd3 18. Be3 Bd7 $36 {[%mdl 2048] White is under pressure.} 19. h4 (19. Ng5 $11 {remains equal.}) 19... Ne7 ({Better is} 19... h5 $17) 20. Qf4 (20. h5 $1 $11) 20... Ba4 21. Re2 (21. h5 $142) 21... h6 $17 ({And not} 21... Qxc3 {[#]} 22. Ng5 $1 $18 {[%mdl 512]}) 22. h5 b5 23. g4 (23. Rc2 $17) 23... a5 (23... Qxc3 $19 24. Ra2 Ke8) 24. g5 (24. Ra2 $17 {was worth a try.}) 24... hxg5 $2 ({Stronger than} 24... Qxc3 25. g6 $11) ({Black should try} 24... Ke8 $19 {White must now prevent ...Nc1!} 25. Qg4 Kd7) 25. Nxg5 $15 {[%csl Gg5][%cal Rf4f7]} Nf5 26. Rfe1 $2 {[%mdl 8192]} (26. Rb2 $11 {and White is okay.} Qxc3 27. Bg4 Nbxd4 28. Rd2) 26... Qxc3 $19 27. Bc2 Nbxd4 {[%mdl 64] [#] Double Attack, Discovered Attack} 28. Bxf5 Nxf5 (28... Nxe2+ 29. Rxe2 Qa1+ 30. Bc1 $11) 29. Bc5+ Ke8 $2 (29... Kg8 30. Qg4 Rh6) 30. Rc1 $2 (30. Re3 {was forced.} Qc2 31. R3e2) 30... Qb3 31. Re3 (31. Qg4 $142 Rh6 32. Ne4) 31... Qb2 32. Ree1 Rc8 33. Rb1 Qc2 34. Be3 Rxh5 35. Qf3 Rh6 36. Qg4 Rg6 37. Bf4 Qd3 38. Kg2 Kd7 39. Rb2 c3 40. Rbe2 c2 41. Rd2 Qc4 42. f3 Rh8 43. Re4 c1=Q {[%csl Gc1][%cal Rc4f1]} 44. Rxd5+ Qxd5 {Accuracy: White = 31%, Black = 53%.} 0-1

[Event "Nordic Chess-ch 2019"]
[Site "Sarpsborg"]
[Date "2019.06.24"]
[Round "5.8"]
[White "Ogaard, Leif"]
[Black "Altarbosh, Ward"]
[Result "1-0"]
[WhiteElo "2385"]
[BlackElo "2250"]
[Annotator "TA"]
[PlyCount "71"]
[EventDate "2019.06.21"]
[EventType "swiss"]
[EventCountry "NOR"]
[SourceTitle "playchess.com"]
[Source "ChessBase"]
[SourceQuality "1"]

{[%evp 18,71,58,55,57,68,82,77,72,65,148,139,162,97,109,105,154,140,165,147,158,110,106,33,156,148,276,280,285,280,283,290,319,302,580,412,410,408,419,402,529,299,303,282,381,264,395,403,975,523,1127,1110,1088,1085,1293,1229]} 1. Nf3 d5 2. d4 Nc6 3. c4 Bg4 4. cxd5 Bxf3 5. gxf3 Qxd5 6. e3 e5 7. Nc3 Bb4 8. Bd2 Bxc3 9. bxc3 exd4 10. cxd4 Nf6 {D07: Queen's Gambit: Chigorin Defence} (10... Nge7 11. Bg2 O-O-O 12. Qb3 Qg5 13. Rg1 Qh5 14. Rb1 b6 15. f4 Rd6 16. Kf1 Rhd8 17. Qb5 Qxb5+ 18. Rxb5 g6 {1-0 (40) Ivanchuk,V (2766)-Brynell,S (2575) Sweden 2004}) 11. Bg2 O-O 12. O-O Rfe8 {White is better.} 13. Rb1 Rad8 (13... Nd8 $14) 14. Qb3 $16 ({Don't play} 14. Rxb7 $6 Nxd4 15. Rb2 (15. Rxc7 Nb5 $11 {[%mdl 64] Discovered Attack}) 15... Nc6 $14) 14... Qf5 $146 ({Predecessor:} 14... Qd6 15. Qxb7 Rb8 16. Qa6 Rb6 17. Qc4 Reb8 18. Rbc1 Rb2 19. Bc3 R2b5 20. Ba1 R8b6 21. f4 Nd5 22. a4 Na5 23. Qe2 Nxf4 24. exf4 {1-0 (24) Nikolaidis,I (2490)-Papadatos,I (2200) Ikaria 1998}) 15. Rbc1 (15. Rfc1 $18) 15... Rd6 16. Rc5 Qg6 17. Qc2 Qh6 {[#]} 18. f4 $1 Qh4 19. Qf5 ({Wrong is} 19. Bxc6 $2 Ng4 $19) 19... h6 20. f3 ({White should play} 20. h3 $16) 20... b6 (20... Nd7 $14 21. Rb5 b6) 21. Be1 Qxe1 (21... Qh5 $16 22. Qxh5 Nxh5 23. Rxh5 Rxe3) 22. Rxe1 $18 bxc5 23. Qxc5 Nxd4 24. Qxc7 Rde6 25. Qc5 ({But not} 25. Qxa7 Nc2 $18) 25... Nc6 $2 (25... Rd8 {might work better.} 26. Qxa7 Nc2) 26. Rd1 Ne7 27. e4 Rb6 28. f5 Nc6 29. Rd2 Ne5 30. Kf2 Nh5 31. Qc7 Ra6 (31... Rc6 {was necessary.} 32. Qxa7 Rec8) 32. Bf1 Ra3 (32... Rc6 $142 33. Qxa7 Rc3) 33. Be2 {White is clearly winning.} Kh7 34. Qc5 Ra4 35. Qb5 {[%mdl 64] [#] Double Attack} Ng4+ 36. fxg4 {Accuracy: White = 67%, Black = 35%.} 1-0

[Event "Nordic Chess-ch 2019"]
[Site "Sarpsborg"]
[Date "2019.06.24"]
[Round "5.9"]
[White "Lindgren, Philip"]
[Black "Abdrlauf, Elham"]
[Result "1-0"]
[WhiteElo "2384"]
[BlackElo "2207"]
[Annotator "TA"]
[PlyCount "129"]
[EventDate "2019.06.21"]
[EventType "swiss"]
[EventCountry "NOR"]
[SourceTitle "playchess.com"]
[Source "ChessBase"]
[SourceQuality "1"]

{[%evp 16,129,2,0,7,-14,-7,-21,-9,-11,0,-46,-34,-46,-41,-32,10,10,10,10,10,10,10,14,12,11,22,27,30,26,26,16,68,71,78,61,106,98,109,81,122,97,195,190,189,189,290,277,404,264,257,237,262,235,242,221,410,399,399,404,389,378,1021,962,1887,350,320,315,1258,1587,1292,1292,1149,884,2323,1223,8494,6535,4766,2837,5408,764,4861,3140,3639,2369,946,731,683,576,4598,3898,5400,5865,29967,29969,29977,29974,29980,29981,29982,29983,29983,12343,4618,0,29983,29983,29988,29981,29989,29982,29982,29983,29982,29976]} 1. d4 Nf6 2. c4 e6 3. g3 d5 4. Nf3 Bb4+ 5. Bd2 Be7 6. Bg2 O-O 7. O-O Nbd7 8. Qc2 c6 9. Bf4 b6 {E11: Bogo-Indian} 10. Ne5 Nxe5 11. dxe5 Nd7 $1 {The position is equal.} 12. cxd5 cxd5 13. Rd1 g5 {[#]} 14. Bd2 $146 ({Predecessor:} 14. Be3 Nxe5 15. Bd4 Ng6 16. e4 e5 17. exd5 exd4 {0-1 (63) Ponomariov,R (2694)-Vidit,S (2715) Riadh 2017}) 14... Nxe5 15. Bc3 Ng6 16. e4 $36 {[%cal Re4d5][%mdl 2048] White has the initiative.} Bb7 17. exd5 Bxd5 18. Bxd5 exd5 19. Qf5 Qc8 20. Rxd5 Qxf5 21. Rxf5 Rac8 {With the idea ...Rfd8.} 22. Nd2 Rc5 23. Rxc5 bxc5 ({Black should try} 23... Bxc5 $11 24. Ne4 Be7) 24. Re1 $14 Rd8 25. Re4 f5 26. Ra4 $1 Rd7 27. Ra6 Kf7 28. Kf1 g4 (28... f4 $16 {was worth a try.}) 29. Nc4 $1 $18 f4 30. gxf4 {Hoping for f5.} Rd1+ (30... Kf8 $142 31. f5 Nf4) 31. Ke2 Rh1 (31... Rd7 $142 32. Ke3 Bd8) 32. f5 Nf4+ 33. Ke3 $1 {[%cal Re3f4]} Nd5+ {[#]} 34. Ke4 $1 Nxc3+ 35. bxc3 {And now Ne5+ would win.} Rxh2 $2 {[%mdl 4096] Endgame KRB-KRN} (35... Bf6 36. Ne5+ (36. Rxa7+ Kg8 $18) 36... Bxe5 37. Kxe5 Rxh2 38. Rxa7+ Kf8) 36. Ne5+ Ke8 37. f6 {Strongly threatening Re6.} Rxf2 {Threatens to win with ...g3.} 38. Nxg4 ({Less strong is} 38. fxe7 g3 $16) 38... Rg2 $2 (38... Re2+ 39. Kf3 Re1 40. fxe7 Rxe7 41. Nf6+ Kd8) 39. Kf3 Rc2 {[#]} 40. fxe7 $2 (40. Re6 $1 {[%mdl 512]} Rxc3+ 41. Ke4) 40... Rxc3+ {KRN-KR} 41. Ke4 Rc4+ $2 (41... Kxe7 42. Rxa7+ Kd6) 42. Kf5 {White threatens Re6 and mate.} Kxe7 43. Rxa7+ Kd8 44. Ne3 Rh4 45. Ke5 Kc8 46. Kd5 Rh1 47. Kxc5 h5 48. Kb4 h4 49. Rh7 h3 50. Ka3 Kd8 51. Ng4 Rg1 52. Ne5 Rg3+ 53. Kb4 Kc8 54. a4 Re3 55. Nc4 Re6 56. Rxh3 Kb7 57. Kb5 Re1 58. Rh7+ Kb8 59. Rh8+ (59. Ka6 $142 Kc8 60. a5 Ra1 61. Ka7 Kd8 62. a6 Rc1 63. Nb6 Rc7+ 64. Rxc7) 59... Ka7 60. Rh7+ Kb8 61. a5 {White mates.} Ka8 62. Nb6+ Kb8 63. Rh8+ Kc7 64. Rc8+ Kd6 65. Rc6+ {Accuracy: White = 53%, Black = 27%.} 1-0